| 000 | 00900nam a22002417a 4500 | ||
|---|---|---|---|
| 003 | 3228 | ||
| 005 | 20260519113323.0 | ||
| 008 | 220421b sa ||||| |||| 00| 0 eng d | ||
| 020 |
_a9781770087729 _qhardcover |
||
| 040 |
_aWorldCat _bEnglish _cWorldCat _d3228 |
||
| 041 | _aEnglish | ||
| 082 | _aJ 920 DONV | ||
| 100 |
_aDonvé Lee _9131109 |
||
| 245 |
_aJohnny Clegg : _bWhite Zulu / _cDonvé Lee |
||
| 250 | _a First edition | ||
| 260 |
_aGallo Manor, South Africa : _bAwareness Publishing Group, _c2018. |
||
| 300 |
_a44 pages : _b illustrations ; _c26 cm. |
||
| 490 | _aGreat African Musicians | ||
| 500 | _aIssued in slipcase with other titles in series; one poster included in this series. Includes glossary and index. | ||
| 650 |
_aClegg, Johnny, _vJuvenile literature. _y 1953-2019. _9131110 |
||
| 650 |
_2Singers _aMusicians. _vBiography. _zSouth Africa _9131111 |
||
| 942 |
_2ddc _cBOOK _y162 _zElsie Maluleke |
||
| 999 |
_c631799 _d631798 |
||